000 00657nam a2200193 i 4500
001 188890
003 ES-MaACL
005 20251221063017.0
008 190221s1966 sp |||| | cat d
100 1 _aMacdonald, Ross,
_d1915-1983
_975122
245 1 3 _aExperiència amb el mal /
_cJohn Ross Macdonald ; [traducció de Florencia Ventura].
260 _aBarcelona :
_bEdiciones 62,
_c[1966]
300 _a186 p. ;
_c18 cm.
490 1 _aCol·lecció "La Cua de Palla" ;
_v36
700 1 _aVentura, Florencia.
_9166418
830 0 _aCol·lecció "La Cua de Palla" ;
_v36
_9193174
852 _aES-MaACL
_jP-507-Bis-27
999 _c188890
_d188890